| 000 | 00888nam a2200241 i 4500 | ||
|---|---|---|---|
| 001 | 102941 | ||
| 003 | ES-MaACL | ||
| 005 | 20250819063051.0 | ||
| 007 | t| | ||
| 008 | 051221s2004 sp ac c |||| | spa d | ||
| 080 | _a75 Plaza Pieri, Francisco (083.824) | ||
| 100 | 1 |
_aPlaza Pieri, Francisco _992633 |
|
| 245 | 1 | 0 |
_aStrukturalismus _b= (Estructuralismo) : del 21 de febrero al 12 de marzo de 2005, Casa de Galicia, Madrid : [exposición] / _cFrancisco Plaza Pieri. |
| 246 | 3 | 1 | _aEstructuralismo |
| 260 |
_aMadrid : _bCasa de Galicia en Madrid, _c[2004] |
||
| 300 |
_a[16] p. : _bprincipalmente il. col., 1 retr. ; _c28 cm. |
||
| 600 | 1 | 4 |
_aPlaza Pieri, Francisco- _vExposiciones _992634 |
| 655 | 7 |
_2tgfbne _9193628 _aCatálogos de exposiciones |
|
| 710 | 2 |
_aCasa de Galicia (Madrid) _92470 |
|
| 852 |
_aES-MaACL _j2198-F-17 |
||
| 942 | _2udc | ||
| 999 |
_c102941 _d102941 |
||